Équipes des Dresseurs Pokémon (Alola) - Statistiques

Statistiques générales
  • Ce quiz a été pris 30 fois
  • Le résultat moyen est 259 sur 461
Statistiques - réponses
Lieux Dresseurs Pokémon % Correct
Lili'i Dresseur Tili Brindibou
100%
Brindibou
100%
Brindibou
100%
ou Flamiaou
100%
ou Flamiaou
100%
ou Flamiaou
100%
ou Otaquin
100%
ou Otaquin
100%
ou Otaquin
100%
Route 1 Gamin Lewis Rattata
100%
Vacancier Alexis Rattata
100%
Sbire Team Skull Rattata
100%
Sbire Team Skull Rattata
100%
Abords d'Ekaeka Gamin Philippe Larvibule
94%
Petit Daryl Manglouton
94%
Capitaine Althéo Manglouton
94%
Manglouton
94%
Topdresseur Chaz Rocabot
94%
Golfeur Max Rocabot
94%
Efflèche
88%
Efflèche
88%
Lougaroc
88%
Montagnard Johnny Lougaroc
88%
Vauriens Frank & Lizzie Lougaroc
88%
Lougaroc
88%
Professeur Euphorbe Lougaroc
88%
Lucanon
88%
École de Dresseurs Jeune Sportive Logane Picassaut
88%
Lili'i Dresseur Tili Pichu
88%
Éleveuse Ikue Pikachu
88%
Dresseur Tili Pikachu
88%
Ohana Dresseur Tili Pikachu
88%
Sbire Team Skull Rattatac
88%
Vacancière Akari Rattatac
88%
Sbire Team Skull Rattatac
88%
Rattatac
88%
Rattatac
88%
Sbire Team Skull Rattatac
88%
Sbire Team Skull Rattatac
88%
Rattatac
88%
Archéduc
82%
Archéduc
82%
Gamin Yann Chrysapile
82%
Route 16 Scientifique Herbert Chrysapile
82%
ou Félinferno
82%
ou Félinferno
82%
Cimetière d'Ekaeka Gentleman Léonard Makuhita
82%
Makuhita
82%
ou Matoufeu
82%
ou Matoufeu
82%
ou Oratoria
82%
Oratoria
82%
ou Otarlette
82%
ou Otarlette
82%
Danseuse Bénédicte Plumeline
82%
Club Hano-Hano Golfeuses Maïté & Cyrillia Plumeline
82%
Plumeline
82%
Jardin d'Ula-Ula Danseuse Béatrice Plumeline
82%
Danseuse Joséphine Plumeline
82%
Danseuse Julia Plumeline
82%
Plumeline
82%
Plumeline
82%
Plumeline
82%
Plumeline
82%
Malié Dresseur Tili Raichu
82%
Raichu
82%
Dresseur Tili Raichu
82%
Sbire Team Skull Sovkipou
82%
Sbire Team Skull Sovkipou
82%
Bazoucan
76%
Crabagarre
76%
Route 2 Canon Kala Fantominus
76%
Fantominus
76%
Nageur Schlomo Froussardine
76%
Nageur Patrice Froussardine
76%
Vénérables Nobuko & Tsunekazu Froussardine
76%
Gouroutan
76%
Karatéka Floyd Hariyama
76%
Karatéka Ken Hariyama
76%
Karatéka Walter Hariyama
76%
Golfeur Xavier Hariyama
76%
Ligue Pokémon d'Alola Conseil 4 Pectorius Hariyama
76%
Miaouss
76%
Parc Volcanique Vacancière Pauline Miaouss
76%
Golfeuse Maria Miaouss
76%
Piclairon
76%
Vénérable Jean Piclairon
76%
Piclairon
76%
Sarmuraï
76%
Sarmuraï
76%
Sarmuraï
76%
Dresseur en Herbe Guylain Tadmorv
76%
Topdresseur Bohémond Tadmorv
76%
Sbire Team Skull Tadmorv
76%
Éleveur Kenneth Tiboudet
76%
Route 5 (nord) Montagnard Yvain Tiboudet
76%
Tiboudet
76%
Aquali
71%
Aquali
71%
Araqua
71%
Vieille Route Collectionneur Richard Boumata
71%
Boumata
71%
Duo Aether Bourrinos
71%
Bourrinos
71%
Bourrinos
71%
Forêt de Poni Karatéka Luigi Crabominable
71%
Crabominable
71%
Draïeul
71%
Topdresseur Vivien Draïeul
71%
Ectoplasma
71%
Ékaïser
71%
Fillette Pascaline Farfuret
71%
Farfuret
71%
Topdresseuse Ophélie Goupix
71%
Goupix
71%
Nettoyeur Félicien Grotadmorv
71%
Grotadmorv
71%
Paradis Aether (laboratoires) Employé Aether Grotadmorv
71%
Scientifique Malik Grotadmorv
71%
Machoc
71%
Karatékas Sr. et Jr. Hannibal & Guy Machoc
71%
Machoc
71%
Ouvrier Carl Machoc
71%
Karatéka Andy Mackogneur
71%
Mackogneur
71%
Professeur Samia Magnéti
71%
Malamandre
71%
Randonneuse Shirley Mimiqui
71%
Admin Team Skull Apocyne Nosferalto
71%
Sbire Team Skull Nosferalto
71%
Route 15 Admin Team Skull Apocyne Nosferalto
71%
Route 17 Sbire Team Skull Nosferalto
71%
Duo Sbires Team Skull Nosferalto
71%
Sbire Team Skull Nosferalto
71%
Foyer Aether Team Skull Gladio Nosferalto
71%
Paradis Aether (extérieur) Sbire Team Skull Nosferalto
71%
Nosferalto
71%
Ekaeka Sbire Team Skull Nosférapti
71%
Team Skull Gladio Nosférapti
71%
Manoir Chelou Sbire Team Skull Nosferapti
71%
Mont Lanakila Dresseur Gladio Nostenfer
71%
Nostenfer
71%
ou Phyllali
71%
Phyllali
71%
ou Phyllali
71%
ou Pyroli
71%
ou Pyroli
71%
Collectionneur Gaultier Quartermac
71%
Topdresseur Robert Sabelette
71%
Récif de Poni Vacancière Sarah Sabelette
71%
Silvallié
71%
Spectrum
71%
Spectrum
71%
Sbire Team Skull Spectrum
71%
Spectrum
71%
Tarenbulle
71%
Ruines de l'Éveil Doyenne Alyxia Tarinor
71%
Tarinorme
71%
Collectionneur Scotty Togedemaru
71%
Trépassable
71%
Tritox
71%
Tritox
71%
Sbire Team Skull Tritox
71%
Tritox
71%
Tritox
71%
Sbire Team Skull Tritox
71%
Type:0
71%
Type:0
71%
Arcanin
65%
Route 4 Groom Henri Baudrive
65%
Fillette Fedra Bombydou
65%
Cuisinier Gibus Bombydou
65%
Dresseur en Herbe Takumi Caninos
65%
Caninos
65%
Route 9 Policier Christophe Caninos
65%
Rue du Dôme Royal Capitaine Kiawe Caninos
65%
Policier Sébastien Caninos
65%
Denticrisse
65%
Topdresseur Godefroy Denticrisse
65%
Dimoret
65%
Vénérable Jade Dimoret
65%
Dimoret
65%
Feunard
65%
Côte de Poni Jeunes Tourtereaux Évelyne & Adam Feunard
65%
Feunard
65%
Givrali
65%
Grodrive
65%
Grodrive
65%
Duo Aether Machopeur
65%
Magnéton
65%
Employé Aether Magnéton
65%
Magnézone
65%
Magnézone
65%
Mentali
65%
Colline Mémento Gentleman Smith Noctali
65%
Canon Eulalie Osselait
65%
Prédastérie
65%
Racaillou
65%
Racaillou
65%
Topdresseurs Aymeric & Lydie Sablaireau
65%
Sablaireau
65%
Employé Yoshio Taupiqueur
65%
Ouvrier Énée Taupiqueur
65%
Nageur Paul-Olivier Vorastérie
65%
Sbire Team Skull Vorastérie
65%
Sbire Team Skull Vorastérie
65%
Vorastérie
65%
Bacabouh
59%
Chelours
59%
Chelours
59%
Chelours
59%
Fillette Léa Chenipan
59%
Randonneuse Alice Évoli
59%
Couple de Nageurs Terry & Aude Flagadoss
59%
Flagadoss
59%
Floramantis
59%
Gravalanch
59%
Léviator
59%
Nageur Nanard Léviator
59%
Léviator
59%
Léviator
59%
Pêcheur Pedro Magicarpe
59%
Magicarpe
59%
Boss Team Skull Guzma Maskadra
59%
Duo Sbires Team Skull Mimantis
59%
Mimantis
59%
Sbire Team Skull Mimantis
59%
Sbire Team Skull Mimantis
59%
Sbire Team Skull Mimantis
59%
Petit Rafik Nounourson
59%
Nymphali
59%
Ossatueur
59%
Ossatueur
59%
Ossatueur
59%
Ossatueur
59%
Parc de Malié Vacancier Laurent Persian
59%
Persian
59%
Vaurienne Nina Persian
59%
Ramoloss
59%
Ho'ohale Dresseur Dexio Ramoloss
59%
Route 5 (sud) Assistant Épreuve Clifford Ramoloss
59%
Sbire Team Skull Soporifik
59%
Grotte Verdoyante Sbire Team Skull Soporifik
59%
Sbire Team Skull Soporifik
59%
Sbire Team Skull Soporifik
59%
Duo Sbires Team Skull Soporifik
59%
Soporifik
59%
Gentleman Léon Ténéfix
59%
Malié Doyen Danh Ténéfix
59%
Conseil 4 Margie Ténéfix
59%
Triopikeur
59%
Paradis Aether (embarcadère) Employé Aether Triopikeur
59%
Grand Canyon Doyenne Paulie Triopikeur
59%
Montagnard Guillaume Triopikeur
59%
Mont Hokulani Dresseur Molène Airmure
53%
Airmure
53%
Airmure
53%
Vénérable Octave Airmure
53%
Conseil 4 Kahili Airmure
53%
Alakazam
53%
Route 7 Nageur Iwan Arakdo
53%
Gamin Kendall Chrysacier
53%
Employé Aether Colossinge
53%
Colossinge
53%
Corboss
53%
Corboss
53%
Lili'i Doyen Pectorius Férosinge
53%
Fillette Adélaïde Feuforêve
53%
Grodoudou
53%
Grodoudou
53%
Grolem
53%
Grolem
53%
Grolem
53%
Gueriaigle
53%
Gueriaigle
53%
Paradis Aether (rez-de-chaussée) Directeur Aether Saubohne Hypnomade
53%
Hypnomade
53%
Topdresseur Sean Kadabra
53%
Magirêve
53%
Magirêve
53%
Petite Palatine Mélo
53%
Paradis Aether (bureaux) Présidente Aether Elsa-Mina Mélodelfe
53%
Ultra-Dimension Présidente Aether Elsa-Mina Mélodelfe
53%
Employée Satsuki Mélofée
53%
Éleveur Vijay Papilusion
53%
Pêcheur Stéphane Ptitard
53%
Queulorior
53%
Petit Arnaud Rondoudou
53%
Rubombelle
53%
Rubombelle
53%
Scarabrute
53%
Scarabrute
53%
Sinistrail
53%
Karatéka Joachim Tartard
53%
Tartard
53%
Route 10 Pompier Jean-Luc Têtarte
53%
Route 5 (sud) Jumelles Déborah & Chihiro Toudoudou
53%
Vaututrice
53%
Vostourno
53%
Route 14 Pêcheur Jérôme Barpau
47%
Candine
47%
Canon Tamara Candine
47%
Dresseur en Herbe Helmut Croquine
47%
Draby
47%
Escroco
47%
Escroco
47%
Dresseurs en Herbe Louise & Sofiane Furaiglon
47%
Collectionneur Basile Goinfrex
47%
Lucario
47%
Milobellus
47%
Milobellus
47%
Mimigal
47%
Kokohio Sbire Team Skull Mimigal
47%
Noadkoko
47%
Ronflex
47%
Ranch Ohana Mondaine Nicole Strassie
47%
Strassie
47%
Sucreine
47%
Éleveur William Tauros
47%
Dresseuse en Herbe Agathe Chlorobule
41%
Dodoala
41%
Dodoala
41%
Dresseuse en Herbe Natacha Écrémeuh
41%
Vénérable Vicente Granbull
41%
Granbull
41%
Mondaine Sayuri Guérilande
41%
Guérilande
41%
Lampignon
41%
Vénérable Hollie Lampignon
41%
Lampignon
41%
Petite Lumi Manzaï
41%
Vaurienne Maika Migalos
41%
Parc de Malié Boss Team Skull Guzma Migalos
41%
Boss Team Skull Guzma Migalos
41%
Migalos
41%
Momartik
41%
Petit Jeff Piafabec
41%
Rapasdepic
41%
Rapasdepic
41%
Éleveuse Julie Spododo
41%
Békipan
35%
Braisillon
35%
Route 11 Sportifs en Herbe Isabelle & Forrest Braisillon
35%
Dresseuse Sina Cadoizo
35%
Colimucus
35%
Plage Hano-Hano Nageuse Megumi Concombaffe
35%
Nageur Valentin Concombaffe
35%
Randonneuse Ayumi Doudouvet
35%
Employée Aether Drackhaus
35%
Élékable
35%
Route 15 Petit Castor Élékid
35%
Duo Aether Élektek
35%
Flambusard
35%
Fragilady
35%
Topdresseuse Anna Fragilady
35%
Fragilady
35%
Fragilady
35%
Géolithe
35%
Montagnard Fred Géolithe
35%
Gigalithe
35%
Fillette Dorothée Goélise
35%
Route 8 Topdresseuse Naoko Goélise
35%
Nageur Cyril Goélise
35%
Métang
35%
Cap Passiloin Nettoyeur Prosper Miamiasme
35%
Miamiasme
35%
Prairie de Poni Topdresseuse Hilda Miasmax
35%
Muplodocus
35%
Randonneuse Heidi Passerouge
35%
Poissirène
35%
Nageuse Clara Poissirène
35%
Poissoroy
35%
Route 3 Dresseur en Herbe Vincent Psykokwak
35%
Nageuse Manami Psykokwak
35%
Mont Ardent Employé Javier Psykokwak
35%
Conseil 4 Alyxia Relicanth
35%
Colline Clapotis Pêcheur Harry Tentacool
35%
Mer de Mele-Mele Nageur Sylvain Tentacool
35%
Nageur Enzo Tentacruel
35%
Tritosor
35%
Vénérable Akira Absol
29%
Topdresseur Murphy Absol
29%
Akwakwak
29%
Jungle Sombrefeuille Capitaine Barbara Brocélôme
29%
Employée Mariko Chartor
29%
Vénérable Clothaire Chartor
29%
Coxy
29%
Coxyclaque
29%
Collectionneur Hank Coxyclaque
29%
Duo Employé & Saubohne Coxyclaque
29%
Desséliande
29%
Randonneuse Mayoi Farfaduvet
29%
Libégon
29%
Maganon
29%
Route 6 Gamin Marjolain Magby
29%
Montagnard Fabio Magmar
29%
Magmar
29%
Nageuse Tihana Mamanbo
29%
Nageuse Eileen Mamanbo
29%
Mamanbo
29%
Mamanbo
29%
Mastouffe
29%
Topdresseur Bleuet Mucuscule
29%
Montagnard Anthony Nodulithe
29%
Tunnel Taupiqueur Ouvrier Oscar Nodulithe
29%
Ponchien
29%
Employée Aether Ponchien
29%
Éleveuse Marceline Ponchiot
29%
Éleveur Maurice Simularbre
29%
Côte Reculée d'Akala Pêcheur Hervé Stari
29%
Staross
29%
Vibraninf
29%
Côte Sauvage Nageur Gilles Barbicha
24%
Pêcheur Mamadou Barloche
24%
Barloche
24%
Barloche
24%
Nageuse Vélude Corayon
24%
Corayon
24%
Corayon
24%
Corayon
24%
Nageuse Sousou Écayon
24%
Écayon
24%
Caverne Coda Randonneuse Yumeko Emolga
24%
Luminéon
24%
Luminéon
24%
Dresseuse en Herbe Bastienne Carapagos
18%
Carmache
18%
Crustabri
18%
Plaine de Poni Topdresseuse Rita Crustabri
18%
Nageuse Delphine Kokiyas
18%
Kokiyas
18%
Nageuse Jocelyne Kokiyas
18%
Nageuses Criquette & Crystale Lanturn
18%
Lokhlass
18%
Pêcheur Zachary Loupio
18%
Capitaine Néphie Loupio
18%
Éleveur Yannick Paras
18%
Employé Aether Parasect
18%
Cuisinier Mario Parasect
18%
Ptiravi
18%
Topdresseur Florimond Sharpédo
18%
Aéroptéryx
12%
Scientifique Nestor Arkéapti
12%
Nageuse Annie Lovdisc
12%
Lovdisc
12%
Konikoni Jumelles Peggy & Cécile Lovdisc
12%
Nageuse Anissa Lovdisc
12%
Chemin du Défi Scientifique Charlie Métamorph
12%
Vaurien Romain Pandarbare
12%
Karatéka Takuma Pandarbare
12%
Route 12 Vauriens Hurlu & Berlue Pandespiègle
12%
Scientifique Renaud Porygon
12%
Employé Aether Porygon2
12%
Porygon-Z
12%
Assistante d'Épreuve Maki Trousselin
12%
Vénérable Hitomi Trousselin
12%
Capitaine Oléa Trousselin
12%
Montagnard Pierre-Henri Charkos
6%
Dinoclier
6%
Dresseur en Herbe Erwan Kranidos
6%
Sorboul
0%
Aucun quiz correspondant
Distribution des résultats
% des personnes avec chaque résultat
Percentile par nombre de réponses
Votre historique - résultats
Vous n’avez pas pris ce quiz